| 000 | 00806nam a22002297a 4500 | ||
|---|---|---|---|
| 999 |
_c10252 _d10252 |
||
| 003 | AR-CdUCM | ||
| 008 | 190329b ||||| |||| 00| 0 spa d | ||
| 020 | _a9972-745-30-9 | ||
| 040 |
_aMUNICIPALIDAD PROVINCIAL DEL CUSCO _cBIBLIOTECA MUNICIPAL DEL CUSCO |
||
| 082 |
_aES / 373.460 / _bN82 |
||
| 110 |
_aGrupo Editorial Norma _926996 |
||
| 245 |
_aVitral 3 : _bLenguaje y Comunicación / |
||
| 260 |
_aLima : _bNorma |
||
| 300 |
_a279 páginas ; _bFotografías, ilustraciones, tablas _c27cm |
||
| 500 | _a3ro de Educación secundaria | ||
| 505 | _aContenido: Somos aventureros -- La máquina del tiempo -- Un lugar para mi -- Belleza perfecta... | ||
| 650 |
_aLenguaje _93528 |
||
| 650 |
_aComunicación _94985 |
||
| 650 |
_aEducación secundaria _94648 |
||
| 942 |
_2ddc _cLIBROS |
||
| 945 | _anom | ||